000 00261nam a2200109Ia 4500
008 200302s9999 xx 000 0 und d
100 _aErnst Van Hagen
245 _aThe Elements of Color
260 _bVan Nostrand Reinhold Co.,
260 _c1970
300 _a95 P.,
999 _c102
_d102